书目信息 |
| 题名: |
美国对外经济战略
|
|
| 作者: | 张敏谦 著 | |
| 分册: | ||
| 出版信息: | 北京 世界知识出版社 2001.01 |
|
| 页数: | 14, 389页 | |
| 开本: | 21cm | |
| 丛书名: | ||
| 单 册: | ||
| 中图分类: | F171.25 | |
| 科图分类: | ||
| 主题词: | 对外经济--经济战略--研究--美国 | |
| 电子资源: | ||
| ISBN: | 7-5012-1455-7 | |
| 000 | 00743nam0 2200217 45 | |
| 001 | 012001000000 | |
| 005 | 20041012094018.97 | |
| 010 | @a7-5012-1455-7@dCNY 19.00 | |
| 100 | @a20010619d2001 em y0chiy0120 ea | |
| 101 | 0 | @achi@deng |
| 102 | @aCN@b110000 | |
| 105 | @aak z 000yy | |
| 200 | 1 | @a美国对外经济战略@AMei Guo Dui Wai Jing Ji Zhan Lue@f张敏谦著@FZhang Min Qian Zhu |
| 210 | @a北京@c世界知识出版社@d2001.01 | |
| 215 | @a14, 389页@c图表@d21cm | |
| 314 | @a张敏谦(1958-),祖籍河北蔚县。1990年获南开大学历史学博士学位。现为中国现代国际关系研究所副研究员。 | |
| 606 | 0 | @a对外经济@x经济战略@x研究@y美国 |
| 690 | @aF171.25@v4 | |
| 701 | 0 | @a张敏谦@AZhang Min Qian@4著 |
| 801 | 0 | @aCN@bCEPC@c20041012 |
| 905 | @a10447@dF171.25@eZ140 | |
| 美国对外经济战略/张敏谦著.-北京:世界知识出版社,2001.01 |
| 14, 389页:图表;21cm |
| ISBN 7-5012-1455-7:CNY 19.00 |
| ● |
| 相关链接 |
|
|
|
正题名:美国对外经济战略
索取号:F171.25/Z140
 
预约/预借
| 序号 | 登录号 | 条形码 | 馆藏地/架位号 | 状态 | 备注 |
| 1 | 399408 | 203994080 | 社科二线400B/400B社科库 32排2列3层/ [索取号:F171.25/Z140] | 在馆 | |
| 2 | 399409 | 203994099 | 社科二线400B/400B社科库 32排2列3层/ [索取号:F171.25/Z140] | 在馆 | |
| 3 | 399410 | 203994106 | 社科二线400B/400B社科库 32排2列3层/ [索取号:F171.25/Z140] | 在馆 |